Východná Ázia posilňuje svoju energetickú bezpečnosť

Medzi Európskou úniou a Združením krajín juhovýchodnej Ázie (ASEAN) existujú viaceré podobnosti. Jednou, mimoriadne aktuálnou, je zvýšená starostlivosť o plynulé zásobovanie zdrojmi energie vynútená okolnosťami. Východoázijský summit, kde okrem členov ASEAN sa zúčastnilo aj Japonsko, Čína, Južná Kór...

Full description

Saved in:
Bibliographic Details
Main Author: Pressburg, Adrian Peter
Format: Book Chapter
Language:Slovak
Subjects:
Tags: Add Tag
No Tags, Be the first to tag this record!

MARC

LEADER 00000naa$a2200000$$$4500
001 0052940
005 20231009072857.2
041 0 |a slo 
044 |a SK 
245 1 0 |a Východná Ázia posilňuje svoju energetickú bezpečnosť  |c Adrian Peter Pressburg 
520 |a Medzi Európskou úniou a Združením krajín juhovýchodnej Ázie (ASEAN) existujú viaceré podobnosti. Jednou, mimoriadne aktuálnou, je zvýšená starostlivosť o plynulé zásobovanie zdrojmi energie vynútená okolnosťami. Východoázijský summit, kde okrem členov ASEAN sa zúčastnilo aj Japonsko, Čína, Južná Kórea, India, Austrália a Nový Zéland, prijal deklaráciu o energetickej bezpečnosti. Alternatívne zdroje. Technologický pokrok. Nástup novej éry bezuhlíkovej ekonomiky. 
610 2 0 |a energetika 
610 2 0 |a bezpečnosť environmentálna 
610 2 0 |a ochrana prostredia životného 
610 2 0 |a zdroje energie obnoviteľné 
610 2 0 |a pokrok technologický 
610 2 0 |a východná Ázia 
610 2 0 |a Európska únia 
610 2 0 |a ASEAN 
100 1 |a Pressburg, Adrian Peter